| 000 | 00367nam a2200157Ia 4500 | ||
|---|---|---|---|
| 005 | 20250430053759.0 | ||
| 008 | 240331s9999 xx 000 0 und d | ||
| 020 | _a9558023000 | ||
| 082 |
_bVIN _a891 |
||
| 245 | 0 | _aVinischaya karanumena | |
| 260 |
_aSri Lanka _bDapinthu & Co _c1999 |
||
| 300 | _a56 p ., | ||
| 650 | _aPoems | ||
| 700 |
_aDaabindu _eedt |
||
| 942 | _cL | ||
| 999 |
_c4939 _d4939 |
||